000 00528nam a2200205Ia 4500
008 180523s9999 xx 000 0 und d
020 _a9812-53-173-4
050 _aMAIN QD 31.3
050 _b.I58 2005
245 0 _aIntroduction to general, organic, and biochemistry /
245 0 _cMorris Hein… [et al].
250 _a8th Edition
260 _aNew Jersey :
260 _bJohn Wiley & Sons,
260 _c2005
300 _a996 pages :
300 _c26 cm.
500 _aIncludes index.
650 _aChemistry.
999 _c357536
_d357536